[Event "Moia op 6th"]
[Site "Moia"]
[Date "2017.09.29"]
[Round "2"]
[White "Mollet Soldevila, Eva"]
[Black "Clavel Moliner, Francesc"]
[Result "0-1"]
[WhiteElo "1342"]
[BlackElo "1786"]
[PlyCount "78"]
[EventDate "2017.09.22"]
[EventType "swiss"]
[EventRounds "8"]
[EventCountry "ESP"]
[SourceTitle "CBM 189 Extra"]
[Source "ChessBase"]
[SourceDate "2019.06.03"]
[SourceVersion "1"]
[SourceVersionDate "2019.06.03"]
[SourceQuality "1"]

1. e4 c5 2. d4 cxd4 3. Qxd4 Nc6 4. Qd1 Nf6 5. Nc3 e5 6. Bc4 Bb4 7. Nge2 0-0 8. 0-0 h6 9. Bd2 d6 10. h3 a6 11. Ng3 b5 12. Bd3 Be6 13. a4 Bxc3 14. Bxc3 b4 15. Bd2 Qd7 16. Nh5 Nxh5 17. Qxh5 f6 18. Be2 Nd4 19. Bd1 Bf7 20. Qg4 Qxg4 21. Bxg4 Nxc2 22. Rac1 b3 23. Bd1 Rfc8 24. Bc3 Bc4 25. Bg4 Bxf1 26. Bxc8 Rxc8 27. Kxf1 Rc4 28. Rd1 Rxe4 29. Rxd6 Rxa4 30. Rb6 Nd4 31. Ke1 Nb5 32. Kd2 Kf7 33. Kd3 g5 34. Kd2 Ra1 35. Ke3 Rb1 36. Ke4 Nxc3+ 37. bxc3 Kg6 38. Rxa6 b2 39. Rb6 Re1+ 0-1

[Event "Vilafranca del Penedes op 11th"]
[Site "Vilafranca del Penedes"]
[Date "2017.05.19"]
[Round "7"]
[White "Lorca Cortada, David"]
[Black "Clavel Moliner, Francesc"]
[Result "0-1"]
[WhiteElo "2159"]
[BlackElo "1979"]
[PlyCount "82"]
[EventDate "2017.03.31"]
[EventType "swiss"]
[EventRounds "8"]
[EventCountry "ESP"]
[SourceTitle "EXT 2018"]
[Source "ChessBase"]
[SourceDate "2017.10.13"]
[SourceVersion "1"]
[SourceVersionDate "2017.10.13"]
[SourceQuality "1"]

1. d4 d5 2. c4 dxc4 3. e4 e5 4. Nf3 exd4 5. Bxc4 Nc6 6. 0-0 Nf6 7. e5 Ne4 8. Re1 Nc5 9. Ng5 Be6 10. Bxe6 Nxe6 11. Nxe6 fxe6 12. Qh5+ g6 13. Qg4 Qd7 14. Bg5 Be7 15. Nd2 Bxg5 16. Qxg5 Qe7 17. Qg3 0-0-0 18. Rac1 Qb4 19. Qd3 Rhf8 20. a3 Qe7 21. b4 Qg5 22. b5 Nxe5 23. Qc2 Rd7 24. Qc5 Rxf2 25. Kxf2 Nd3+ 26. Kg1 Nxc5 27. Nf3 Qe7 28. Rf1 b6 29. Ne5 Qg5 30. Nc6 Rd8 31. Nxa7+ Kb7 32. Nc6 Re8 33. h3 Nd3 34. Rc2 Qxb5 35. Na7 Kxa7 36. Rxc7+ Kb8 37. Rxh7 Nc5 38. a4 Qxa4 39. Rb1 Qa5 40. Rh4 e5 41. Rh6 Rg8 0-1

[Event "Moia op 5th"]
[Site "Moia"]
[Date "2016.11.18"]
[Round "8"]
[White "Clavel Moliner, Francesc"]
[Black "Graupera Fabregas, Jordi"]
[Result "0-1"]
[WhiteElo "1741"]
[BlackElo "2004"]
[PlyCount "98"]
[EventDate "2016.09.23"]
[EventType "swiss"]
[EventRounds "8"]
[EventCountry "ESP"]
[SourceTitle "EXT 2018"]
[Source "ChessBase"]
[SourceDate "2017.10.13"]
[SourceVersion "1"]
[SourceVersionDate "2017.10.13"]
[SourceQuality "1"]

1. e4 d5 2. exd5 Nf6 3. Bb5+ Nbd7 4. c4 a6 5. Bxd7+ Qxd7 6. Nf3 Qg4 7. 0-0 Qxc4 8. d3 Qxd5 9. Nc3 Qh5 10. Re1 Bg4 11. Qa4+ b5 12. Qf4 Bxf3 13. gxf3 Qg6+ 14. Kh1 Qxd3 15. Rd1 Qc4 16. Ne4 Nxe4 17. fxe4 e6 18. Be3 Bd6 19. Rxd6 cxd6 20. Rc1 e5 21. Qg4 h5 22. Qf5 Qe6 23. Qxe6+ fxe6 24. Rc7 0-0 25. Kg2 Rf7 26. Rc6 Rd7 27. Bg5 Kf7 28. Kg3 d5 29. exd5 exd5 30. Kf3 a5 31. a3 e4+ 32. Ke2 d4 33. Rc5 b4 34. a4 Ke6 35. Bf4 Rd5 36. Rc7 g5 37. Bc1 Rf8 38. Rg7 Rf6 39. Rc7 Kf5 40. f3 exf3+ 41. Kxf3 g4+ 42. Kg3 Ke4 43. Re7+ Kd3 44. Bh6 Rf3+ 45. Kg2 Kc2 46. Re2+ Kb3 47. h3 d3 48. Rd2 Re5 49. hxg4 hxg4 0-1

[Event "Manresa op 31st"]
[Site "Manresa"]
[Date "2014.11.15"]
[Round "8"]
[White "Clavel Moliner, Francesc"]
[Black "Soler Bel, Josep"]
[Result "1/2-1/2"]
[WhiteElo "1986"]
[BlackElo "2023"]
[PlyCount "27"]
[EventDate "2014.09.20"]
[EventType "swiss"]
[EventRounds "8"]
[EventCountry "ESP"]
[SourceTitle "EXT 2016"]
[Source "ChessBase"]
[SourceDate "2015.10.08"]
[SourceVersion "1"]
[SourceVersionDate "2015.10.08"]
[SourceQuality "1"]

1. d4 Nf6 2. Nf3 g6 3. Bf4 Bg7 4. c3 0-0 5. Qc1 d6 6. Bh6 Re8 7. Bxg7 Kxg7 8. e3 e5 9. dxe5 dxe5 10. Bc4 Nc6 11. 0-0 Be6 12. Bxe6 Rxe6 13. Rd1 Rd6 14. Nbd2 1/2-1/2

[Event "Manresa op 31st"]
[Site "Manresa"]
[Date "2014.09.27"]
[Round "2"]
[White "Coll Enriquez, Lluis"]
[Black "Clavel Moliner, Francesc"]
[Result "1-0"]
[WhiteElo "2282"]
[BlackElo "1986"]
[PlyCount "62"]
[EventDate "2014.09.20"]
[EventType "swiss"]
[EventRounds "8"]
[EventCountry "ESP"]
[SourceTitle "EXT 2016"]
[Source "ChessBase"]
[SourceDate "2015.10.08"]
[SourceVersion "1"]
[SourceVersionDate "2015.10.08"]
[SourceQuality "1"]

1. e4 d5 2. exd5 Qxd5 3. Nc3 Qa5 4. Bc4 Nf6 5. Qe2 Bg4 6. f3 Bd7 7. d3 e6 8. Bd2 Bb4 9. f4 Nc6 10. Nf3 0-0-0 11. 0-0-0 h6 12. h3 Rhe8 13. a3 Bxc3 14. Bxc3 Qb6 15. g4 Rg8 16. Rhe1 Nd5 17. Bd2 Nd4 18. Qf2 Nxf3 19. Qxf3 Bc6 20. Qg3 Bb5 21. Ba2 Ba4 22. Kb1 Qc5 23. Rc1 Qb6 24. f5 Rd6 25. c4 Rc6 26. cxd5 Rxc1+ 27. Rxc1 exd5 28. Bxd5 Re8 29. Bxf7 Re2 30. Be6+ Kb8 31. Rxc7 Rxe6 1-0

[Event "Moia op 3rd"]
[Site "Moia"]
[Date "2014.09.26"]
[Round "2"]
[White "Roca Codina, Josep"]
[Black "Clavel Moliner, Francesc"]
[Result "0-1"]
[WhiteElo "1851"]
[BlackElo "1986"]
[PlyCount "52"]
[EventDate "2014.09.19"]
[EventType "swiss"]
[EventRounds "8"]
[EventCountry "ESP"]
[SourceTitle "EXT 2016"]
[Source "ChessBase"]
[SourceDate "2015.10.08"]
[SourceVersion "1"]
[SourceVersionDate "2015.10.08"]
[SourceQuality "1"]

1. d4 Nf6 2. Nf3 d5 3. e3 Bg4 4. Be2 e6 5. 0-0 Bd6 6. Ne5 Bxe2 7. Qxe2 Nbd7 8. f4 c6 9. Nd2 g6 10. Qf3 Nh5 11. b3 f6 12. Nxd7 Qxd7 13. Bb2 0-0-0 14. c4 Rhf8 15. g4 Ng7 16. Qg2 h6 17. Rac1 Kb8 18. e4 Qe7 19. e5 Ba3 20. Nb1 Bxb2 21. Qxb2 fxe5 22. fxe5 Qg5 23. h3 Qe3+ 24. Kh2 Rf3 25. Rxf3 Qxf3 26. Qg2 Qf4+ 0-1

[Event "Moia op 3rd"]
[Site "Moia"]
[Date "2014.09.19"]
[Round "1"]
[White "Clavel Moliner, Francesc"]
[Black "Marin, Claudiu Cristian"]
[Result "1-0"]
[WhiteElo "1986"]
[BlackElo "1744"]
[PlyCount "79"]
[EventDate "2014.09.19"]
[EventType "swiss"]
[EventRounds "8"]
[EventCountry "ESP"]
[SourceTitle "EXT 2016"]
[Source "ChessBase"]
[SourceDate "2015.10.08"]
[SourceVersion "1"]
[SourceVersionDate "2015.10.08"]
[SourceQuality "1"]

1. d4 f5 2. c4 Nf6 3. Bg5 e6 4. Nc3 Bb4 5. e3 0-0 6. Nf3 c6 7. Bxf6 Qxf6 8. Bd3 d5 9. Qb3 Bxc3+ 10. bxc3 Nd7 11. cxd5 cxd5 12. 0-0 Nb6 13. a4 Nd7 14. c4 dxc4 15. Bxc4 Re8 16. Rfc1 g5 17. Bb5 Re7 18. Ra2 g4 19. Nd2 Nf8 20. Rac2 Bd7 21. Rc7 Rb8 22. Bxd7 Rxd7 23. Rxd7 Nxd7 24. Rc7 Nb6 25. a5 Nd5 26. Rxb7 Rc8 27. Rb8 Qd8 28. Rxc8 Qxc8 29. Qc4 Qf8 30. Qc5 Qb8 31. h3 Qb2 32. Nc4 Qa1+ 33. Kh2 Qf1 34. Qc8+ Kg7 35. Ne5 Qxf2 36. Qd7+ Kh6 37. Qxe6+ Kg7 38. Qf7+ Kh6 39. Nxg4+ fxg4 40. Qxf2 1-0

[Event "Vilafranca del Penedes op 8th"]
[Site "Vilafranca del Penedes"]
[Date "2014.04.04"]
[Round "2"]
[White "Gallego Bergada, Antoni"]
[Black "Clavel Moliner, Francesc"]
[Result "1-0"]
[WhiteElo "2221"]
[BlackElo "1960"]
[PlyCount "51"]
[EventDate "2014.03.28"]
[EventType "swiss"]
[EventRounds "8"]
[EventCountry "ESP"]
[SourceTitle "EXT 2015"]
[Source "ChessBase"]
[SourceDate "2014.11.20"]
[SourceVersion "1"]
[SourceVersionDate "2014.11.20"]
[SourceQuality "1"]

1. e4 d5 2. exd5 Qxd5 3. Nc3 Qa5 4. d4 c6 5. Nf3 Bg4 6. Bc4 Nf6 7. h3 Bxf3 8. Qxf3 e6 9. 0-0 Be7 10. Be3 Nbd7 11. a3 Qc7 12. Bd3 Nb6 13. Rad1 0-0-0 14. b4 Nbd5 15. Bd2 Bd6 16. Ne2 Rde8 17. c4 Ne7 18. c5 Be5 19. dxe5 Qxe5 20. Bc3 Qg5 21. Qg3 Qd5 22. Bc2 Qc4 23. Qd3 Qh4 24. Qd4 Qg5 25. Qf4 Qh5 26. Ng3 1-0

[Event "Moia op 2nd"]
[Site "Moia"]
[Date "2013.11.15"]
[Round "8"]
[White "Roca Codina, Josep"]
[Black "Clavel Moliner, Francesc"]
[Result "0-1"]
[WhiteElo "1701"]
[BlackElo "1832"]
[PlyCount "74"]
[EventDate "2013.09.20"]
[EventType "swiss"]
[EventRounds "8"]
[EventCountry "ESP"]
[SourceTitle "EXT 2015"]
[Source "ChessBase"]
[SourceDate "2014.11.20"]
[SourceVersion "1"]
[SourceVersionDate "2014.11.20"]
[SourceQuality "1"]

1. d4 Nf6 2. Nf3 c5 3. e3 cxd4 4. exd4 d5 5. h3 Bf5 6. Nh4 Qc8 7. Nxf5 Qxf5 8. Bd3 Qc8 9. 0-0 e6 10. Be3 Bd6 11. Nd2 Nbd7 12. f4 Qc7 13. Qf3 g6 14. c4 b6 15. Rac1 Qd8 16. c5 bxc5 17. dxc5 Bc7 18. b4 0-0 19. Kh1 Nh5 20. g4 Ng7 21. c6 Nb6 22. Bc5 Bd6 23. Nb3 Bxc5 24. Nxc5 Rc8 25. b5 Qf6 26. a4 Qd4 27. a5 Nc4 28. Bxc4 Qxc5 29. Be2 Qb4 30. Qc3 Qe4+ 31. Kg1 Qxe2 32. Qc5 Qd3 33. Rc3 Qd2 34. Rf2 Qe1+ 35. Kg2 Ne8 36. Re3 Qxa5 37. Ra3 Qb6 0-1

[Event "Moia op 1st"]
[Site "Moia"]
[Date "2013.06.16"]
[Round "5"]
[White "Clavel Moliner, Francesc"]
[Black "Costa Trave, Jaume"]
[Result "1/2-1/2"]
[WhiteElo "1860"]
[BlackElo "1986"]
[PlyCount "83"]
[EventDate "2013.05.19"]
[EventType "swiss"]
[EventRounds "8"]
[EventCountry "ESP"]
[SourceTitle "EXT 2014"]
[Source "ChessBase"]
[SourceDate "2013.11.20"]
[SourceVersion "1"]
[SourceVersionDate "2013.11.20"]
[SourceQuality "1"]

1. d4 d5 2. c4 c6 3. Nc3 dxc4 4. e3 b5 5. Nxb5 cxb5 6. Qf3 Nc6 7. Qxc6+ Bd7 8. Qf3 e5 9. Ne2 exd4 10. exd4 Nf6 11. Bg5 Be7 12. Bxf6 Bxf6 13. g3 0-0 14. Bg2 Qa5+ 15. Qc3 b4 16. Qd2 Rac8 17. 0-0 c3 18. bxc3 bxc3 19. Qf4 Rfe8 20. Nc1 Qb4 21. Nb3 a5 22. Rac1 Bb5 23. Rfe1 a4 24. Nc5 Bxd4 25. Ne4 c2 26. Nf6+ gxf6 27. Be4 Bd3 28. Kg2 Bxe4+ 29. Rxe4 Rxe4 30. Qxe4 Qd2 31. Qg4+ Qg5 32. Qxc8+ Kg7 33. Rxc2 Qd5+ 34. Kg1 Qe4 35. Qc6 Qe1+ 36. Kg2 a3 37. Qc8 Qe4+ 38. Kh3 h5 39. Qc6 Qf5+ 40. Kg2 h4 41. gxh4 Qg4+ 42. Kf1 1/2-1/2

[Event "Moia op 1st"]
[Site "Moia"]
[Date "2013.06.09"]
[Round "4"]
[White "Clavel Moliner, Francesc"]
[Black "Basora Pascual, Pau"]
[Result "1-0"]
[WhiteElo "1860"]
[BlackElo "1700"]
[PlyCount "75"]
[EventDate "2013.05.19"]
[EventType "swiss"]
[EventRounds "8"]
[EventCountry "ESP"]
[SourceTitle "EXT 2014"]
[Source "ChessBase"]
[SourceDate "2013.11.20"]
[SourceVersion "1"]
[SourceVersionDate "2013.11.20"]
[SourceQuality "1"]

1. d4 d5 2. c4 e6 3. Nc3 Nf6 4. Bg5 Nbd7 5. Nf3 c6 6. e3 Qa5 7. Nd2 dxc4 8. Bxf6 Nxf6 9. Bxc4 Bd6 10. 0-0 0-0 11. Nde4 Nxe4 12. Nxe4 Qc7 13. Nxd6 Qxd6 14. Qc2 b6 15. Bd3 g6 16. Rac1 Bb7 17. Be4 Rac8 18. Qa4 a5 19. Rc3 Qc7 20. Rfc1 b5 21. Qc2 Qe7 22. Bxc6 Bxc6 23. Rxc6 Rxc6 24. Qxc6 Qb4 25. Qc3 Qxc3 26. Rxc3 Rd8 27. Rc5 Rd5 28. a3 a4 29. Kf1 Rxc5 30. dxc5 Kf8 31. Ke2 Ke7 32. Kd3 Kd7 33. f4 f6 34. g4 h6 35. h4 Kc6 36. Kd4 h5 37. g5 f5 38. Ke5 1-0